Statystyki dla Duży quiz o wszystkim

Kliknij tutaj aby rozwiązać quiz!

Ogólne statystyki

  • Ten quiz został rozwiązany 448 razy
  • Średni wynik to 32 z 48

Statystyki odpowiedzi

PytanieOdpowiedź% Poprawnych
Ile Ziemia ma księżyców?1
99%
Ile na Ziemii jest oceanów?5
93%
Święta księga Chrześcijan to?Biblia
90%
Ile województw ma Polska?16
87%
Ile było rozbiorów Polski?3
86%
Która nasz planeta jest od słońca?4
86%
Ile w miliardach aktualnie żyje ludzi na ziemii?7
86%
Ile człowiek ma przegród nosowych?1
84%
Jaki jest najczęściej używany język świata?Angielski
84%
Odra oddziela od siebie Polskę i ?Niemcy
84%
Na jakim kontynencie leży Australia?Australia
83%
Kto jest według przysłowia jest najlepszym przyjacielem człowieka?Pies
82%
Który rok jest uznawany za narodziny Chrystusa?1
81%
Jesteś w Mińsku w jakim kraju się znajdujesz?Białoruś
79%
5% z 50 to?2,5
77%
Kto był bogiem zmarłych i świata podziemnego w mitologii greckiej?Hades
77%
Jak się nazywa święte miasto dla Żydów, Chrześcijan i Muzułmanów?Jerozolima
76%
Święta księga Muzułman to?Koran
76%
Największe państwo słowiańskie to?Rosja
74%
N to symbol jakiego pierwiastka chemicznego?Azot
73%
Stolicą Kanady jest?Ottawa
73%
Gdzie w ludzkim ciele jest kowadełko?Ucho
73%
Jak nazywa się region składający się z Norwegii, Szwecji oraz Danii?Skandynawia
72%
Jaki jest wzór chemiczny tlenu?O2
71%
W jakim kraju leży kanał Panamski?Panama
70%
Jaką książkę o morzu napisał Ernest Hemingway?Stary człowiek i morze
68%
Jaki jest język urzędowy Peru?Hiszpański
67%
Co znajduje się w jamie czaszkowej?Mózg
66%
Największym państwem na półwyspie Iberyjskim jest?Hiszpania
64%
Kto jest autorem słów hymnu Polski?Józef Wybicki
64%
Proces wzrostu przeciętnego poziomu cen w gospodarce nazywamy?Inflacja
60%
Kto chodzi do synagogi?Żydzi
60%
Czym jest sekwoja?Drzewo
58%
Jaki jest największy ssak na Ziemii?Płetwal błękitny
58%
Jakie chromosomy płci ma kobieta?XX
58%
Kto wprowadził stan wojenny?Wojciech Jaruzelski
57%
Czyje dzieło jest uznawane za Polską epopeje narodową?Adam Mickiewicz
54%
Co łączy Wisławę Szymborską i Władysława Reymonta?Nagroda Nobla
54%
Jaki kraj jest kolebką cywilizacji Europejskiej?Grecja
53%
Z jakiego języka pochodzi określenie kaiser które oznacza cesarz?Niemiecki
50%
Jak nazywa się prezydent Francji?Emmanuel Macron
47%
Z jakim jedynym krajem graniczy Lesotho?RPA
47%
Jak inaczej powiedzieć na cukrzyka?Diabetyk
44%
Z jakiego zwierzęcia Meduza miała włosy?Węże
39%
Czym są ŚniardwyJeziora
30%
Kto zgłosił się na ochotnika do Auschwitz?Witold Pilecki
23%
Jakie państwo było określane olbrzymem na glinianych nogach?ZSRR
20%
Z jakiego kraju pochodzi croissant?Austria
16%

Rozkład punktacji

Percentyl według liczby udzielonych odpowiedzi

Procent ludzi z każdym wynikiem

Twoja historia wyników

Nie rozwiązałeś tego quizu